000 00413nam a22001577a 4500
020 _a9789381649459
082 _aM301
_bUSH/A
245 _aAru kathakarikalude pathinettu kathakal/
_cby Ushakumari G (ed.)
260 _aKannur:
_bKabani Books,
_c2012.
300 _a104p.
650 _aStories Malayalam
650 _aLiterature Malayalam
650 _aLiterature
700 _aUshakumari G (ed.)
942 _cBK
999 _c64820
_d64820